00375nam a2200133Ia 4500003000400000008004100004040001600045082001300061100002500074245006600099260004500165300000800210650002300218GCL140319s9999 xx 000 0 eng d aGCL / cGCL04a862bG E1 aGALDOS, BENITO PEREZ10aEL ABUELO : NOVELA EN CINCO JARNADOS / cGALDOS, BENITO PEREZ a[S.N] : bEL LIBRO DE BOLSILLO ، c1986 a31004aSPANISH LITERATURE